Technological Advancement in Sindhu-Saraswati Civilization/ (Record no. 213036)

MARC details
000 -LEADER
fixed length control field 00565nam a22001817a 4500
005 - DATE AND TIME OF LATEST TRANSACTION
control field 20250820150255.0
010 ## - LCCN (DPL NO)
LC control number ENG-146475
020 ## - INTERNATIONAL STANDARD BOOK NUMBER
Terms of availability 1500.00
International Standard Book Number 9789395276542
035 ## - SYSTEM CONTROL NUMBER
System control number EN-130007
037 ## - SOURCE OF ACQUISITION
Source of stock number/acquisition DBAD
082 ## - DEWEY DECIMAL CLASSIFICATION NUMBER
Classification number 759.954
Edition number 1
100 ## - MAIN ENTRY--PERSONAL NAME
Personal name Lama, G.K.
245 ## - TITLE STATEMENT
Title Technological Advancement in Sindhu-Saraswati Civilization/
Statement of responsibility, etc G.K. Lama
260 ## - PUBLICATION, DISTRIBUTION, ETC. (IMPRINT)
Place of publication, distribution, etc Varanasi
Name of publisher, distributor, etc Prachya Vidya Bhawan
Date of publication, distribution, etc 2024
270 ## - ADDRESS
Address B5/25 Oudhgarvi, Sonarpura
City Varanasi
Postal code 221001
300 ## - PHYSICAL DESCRIPTION
Extent vi, 208p.
Dimensions 22cm(Hb)
Other physical details col.ill
942 ## - ADDED ENTRY ELEMENTS (KOHA)
Source of classification or shelving scheme Dewey Decimal Classification
Item type English Books
Classification part 954.954
Call number suffix LAM
Holdings
Withdrawn status Lost status Not for loan Collection code Home library Current library Date acquired Source of acquisition Cost, normal purchase price Full call number Barcode Copy number Cost, replacement price Koha item type
    Not For Loan Non-fiction D.B.Act.Division D.B.Act.Division 20/08/2025 Delivery of Books Act Division 1500.00 954.954 LAM EN-130007 1 1500.00 English Books

© Delhi Public Library
Hit Counter
free hit counter